000 00731nam a22002057a 4500
003 UA-OsUOA
001 64099
007 ta
008 20091029b un ||||| |||| 00| 0 ukr d
090 _a013
_bП70
942 _cBK
040 _aUA-OsUOA
_bukr
_cUA-OsUOA
_dUA-OsUOA
245 _aПраці наукових робітників Львівського Державного Університету ім. Івана Франка
_bБібліографічний покажчик, роботи, що опубліковано в 1944 - 1954
300 _a90 с.
955 _a2
041 _aukr
080 _a013
650 7 _a01 Бібліографія і бібліографії. Каталоги
_2UDC
999 _c350338
_d350338